Proces aproximácie práva ako priorita úspešnej prípravy SR na vstup do EÚ

Analýza súčasného stavu problematiky aproximácie práva Európskej únie do právneho poriadku Slovenskej republiky. Charakteristika stratégie zvoleného postupu a inštitucionálne predpoklady plnenia úloh procesu aproximácie.

Enregistré dans:
Détails bibliographiques
Auteur principal: Klimková, Anna
Format: Chapitre de livre
Langue:slovaque
Sujets:
Tags: Ajouter un tag
Pas de tags, Soyez le premier à ajouter un tag!

MARC

LEADER 00000naa a2200000 4500
001 r040286
005 20230929080755.5
041 0 |a slo 
044 |a SK 
245 1 0 |a Proces aproximácie práva ako priorita úspešnej prípravy SR na vstup do EÚ  |c Anna Klimková 
520 |a Analýza súčasného stavu problematiky aproximácie práva Európskej únie do právneho poriadku Slovenskej republiky. Charakteristika stratégie zvoleného postupu a inštitucionálne predpoklady plnenia úloh procesu aproximácie. 
610 2 0 |a spolupráca hospodárska medzinárodná 
610 2 0 |a aproximácia práva 
610 2 0 |a Európska únia 
610 2 0 |a systémy právne 
610 2 0 |a Slovensko 
610 2 0 |a reformy štruktúrne 
100 1 |a Klimková, Anna